Detalles MARC
| 000 -CABECERA |
| campo de control de longitud fija |
01597nam a2200313 a 4500 |
| 001 - NÚMERO DE CONTROL |
| campo de control |
000029135 |
| 003 - IDENTIFICADOR DEL NÚMERO DE CONTROL |
| campo de control |
DO-SdBPM |
| 005 - FECHA Y HORA DE LA ÚLTIMA TRANSACCIÓN |
| campo de control |
20251010093054.0 |
| 007 - CAMPO FIJO DE DESCRIPCIÓN FÍSICA--INFORMACIÓN GENERAL |
| campo de control de longitud fija |
ta |
| 008 - DATOS DE LONGITUD FIJA--INFORMACIÓN GENERAL |
| campo de control de longitud fija |
110413s2013 dr a 000 0 spa d |
| 020 ## - NÚMERO INTERNACIONAL ESTÁNDAR DEL LIBRO |
| Número Internacional Estándar del Libro |
9789945015010 |
| 040 ## - FUENTE DE LA CATALOGACIÓN |
| Centro catalogador/agencia de origen |
DO-SdBPM |
| Lengua de catalogación |
spa |
| Centro/agencia transcriptor |
BPMSU |
| Normas de descripción |
rda |
| 082 #4 - NÚMERO DE LA CLASIFICACIÓN DECIMAL DEWEY |
| Número de clasificación |
304.87293 |
| Número de documento/Ítem |
F198m 2013 |
| Número de edición |
22 |
| 245 10 - MENCIÓN DE TÍTULO |
| Título |
Familia migración y género : |
| Resto del título |
estudios complementarios ENI - 2013 / |
| Mención de responsabilidad, etc. |
investigadora responsable Alicia Mirta Maguid |
| 264 ## - PRODUCCIÓN, PUBLICACIÓN, DISTRIBUCIÓN, FABRICACIÓN Y COPYRIGHT |
| Producción, publicación, distribución, fabricación y copyright |
Santo Domingo : |
| Nombre del de productor, editor, distribuidor, fabricante |
Fondo de Población de las Naciones Unidas (UNFPA), |
| Fecha de producción, publicación, distribución, fabricación o copyright |
2013 |
| 300 ## - DESCRIPCIÓN FÍSICA |
| Extensión |
86 páginas : |
| Otras características físicas |
ilustración ; |
| Dimensiones |
22 cm. |
| 336 ## - TIPO DE CONTENIDO |
| Término de tipo de contenido |
texto |
| Código de tipo de contenido |
txt |
| Fuente |
rdacontent |
| 337 ## - TIPO DE MEDIO |
| Nombre/término del tipo de medio |
sin mediación |
| Código del tipo de medio |
n |
| Fuente |
rdamedia |
| 338 ## - TIPO DE SOPORTE |
| Nombre/término del tipo de soporte |
volumen |
| Código del tipo de soporte |
nc |
| Fuente |
rdacarrier |
| 505 0# - NOTA DE CONTENIDO CON FORMATO |
| Nota de contenido con formato |
Presentación 7 -- Introducción 11 -- Marco conceptual 15 --Datos y métodos 18 -- Perfil de los emigrantes 21 -- Composición y características actuales de los hogares 34 -- ¿Migración individual o asociativa ? 49 -- Familia divididas por la migración 53 -- Cómo se mantienen las relaciones familiares y los vínculos con el origen 59 -- ¿Volver o permanecer? 65 -- Resumen y conclusiones 72 -- Bibliografía 82 . |
| 590 ## - NOTA LOCAL (RLIN) |
| Nota local |
Inventariado, 2025/VM |
| 650 #7 - PUNTO DE ACCESO ADICIONAL DE MATERIA--TÉRMINO DE MATERIA |
| Término de materia o nombre geográfico como elemento de entrada |
Extranjeros |
| Subdivisión general |
Condiciones sociales |
| Subdivisión geográfica |
República Dominicana |
| 650 #7 - PUNTO DE ACCESO ADICIONAL DE MATERIA--TÉRMINO DE MATERIA |
| Término de materia o nombre geográfico como elemento de entrada |
Mujeres inmigrantes |
| Subdivisión de forma |
Estadísticas |
| 651 #7 - PUNTO DE ACCESO ADICIONAL DE MATERIA--NOMBRE GEOGRÁFICO |
| Nombre geográfico |
República Dominicana |
| Subdivisión general |
Migración e inmigración |
| Subdivisión de forma |
Estadísticas |
| Subdivisión geográfica |
|
| 700 1# - PUNTO DE ACCESO ADICIONAL--NOMBRE DE PERSONA |
| Nombre de persona |
Maguid, Alicia Mirta |
| Término indicativo de función/relación |
investigación |
| 710 2# - PUNTO DE ACCESO ADICIONAL--NOMBRE DE ENTIDAD CORPORATIVA |
| Nombre de entidad corporativa o nombre de jurisdicción como elemento de entrada |
Fondo de Población de las Naciones Unidas |
| 910 ## - DATOS DE OPCIÓN DEL USUARIO (OCLC) |
| Datos de opción del usuario |
VMateo V. Control de calidad. BPMSU |
| 942 ## - ELEMENTOS DE PUNTO DE ACCESO ADICIONAL (KOHA) |
| Fuente del sistema de clasificación o colocación |
Dewey Decimal Classification |
| Tipo de ítem Koha |
Libros |